Every Place in Oregon on a Map - Statistics

General Stats
  • This quiz has been taken 126 times
  • The average score is 83 of 426
Answers on the Map
Answers color-coded by a green-red scale on the quiz's map according to % correct below.
 
Answer Stats
Population Place % Correct
652,503 Portland
94%
175,535 Salem
89%
99,178 Bend
74%
176,654 Eugene
74%
106,447 Hillsboro
63%
163 Beaver
61%
114,247 Gresham
60%
97,494 Beaverton
58%
85,824 Medford
56%
61,851 Springfield
55%
59,922 Corvallis
52%
21,813 Klamath Falls
52%
37,572 Oregon City
52%
10,181 Astoria
50%
310 Mount Hood
48%
15,985 Coos Bay
47%
5,204 Tillamook
47%
56,472 Albany
45%
10,256 Newport
45%
33,274 Redmond
44%
54,539 Tigard
44%
39,189 Grants Pass
42%
16,010 The Dalles
42%
39,376 Keizer
40%
34,319 McMinnville
40%
17,107 Pendleton
40%
40,731 Lake Oswego
39%
11,645 Ontario
39%
23,683 Roseburg
39%
2,730 Burns
37%
16,854 Dallas
37%
9,815 Lincoln City
37%
27,942 Tualatin
37%
21,360 Ashland
35%
9,396 Florence
35%
10,099 Baker City
34%
6,744 Brookings
34%
7,614 Green
34%
8,313 Hood River
34%
7,456 Madras
34%
10,736 Prineville
34%
2,341 Gold Beach
32%
3,327 Jefferson
32%
2,418 Lakeview
32%
18,447 Lebanon
32%
21,119 Milwaukie
32%
25,138 Newberg
32%
10,317 North Bend
32%
13,817 St. Helens
32%
53,828 Aloha
31%
3,321 Bandon
31%
2,512 La Pine
31%
7,115 Seaside
31%
3,064 Sisters
31%
16,300 Troutdale
31%
1,147 Yamhill
31%
10,574 Cottage Grove
29%
19,354 Hermiston
29%
13,026 La Grande
29%
10,484 Silverton
29%
9,828 Sweet Home
29%
1,489 Cannon Beach
27%
6,787 Junction City
27%
3,206 Oakridge
27%
6,282 Talent
27%
796 Wallowa
27%
1,870 Warren
27%
26,013 Woodburn
27%
5,641 Creswell
26%
26,225 Forest Grove
26%
23,733 Happy Valley
26%
3,020 Jacksonville
26%
1,664 John Day
26%
5,350 Philomath
26%
4,475 Phoenix
26%
7,363 Umatilla
26%
5,214 Veneta
26%
26,664 Wilsonville
26%
203 Detroit
24%
10,424 | 498 Fairview
24%
179 Government Camp
24%
962 Halsey
24%
1,109 Pacific City
24%
1,146 Port Orford
24%
12,612 Sandy
24%
6,277 Warrenton
24%
422 Wheeler
24%
628 Arlington
23%
1,837 Banks
23%
18,171 Canby
23%
2,220 Carlton
23%
18,997 Central Point
23%
4,015 Coquille
23%
12,694 Cornelius
23%
1,172 Drain
23%
4,356 Estacada
23%
447 Fossil
23%
3,652 Harrisburg
23%
9,828 Independence
23%
1,154 Joseph
23%
647 Monroe
23%
2,407 Rogue River
23%
20,450 Sherwood
23%
8,244 Stayton
23%
3,546 Toledo
23%
2,249 Waldport
23%
27,373 West Linn
23%
5,625 Winston
23%
994 Yachats
23%
1,021 Yoncalla
23%
1,133 Aurora
21%
1,931 Boring
21%
1,694 Brownsville
21%
1,379 Cascade Locks
21%
2,071 Cave Junction
21%
3,238 Dundee
21%
9,686 Eagle Point
21%
2,052 Enterprise
21%
1,645 Hines
21%
1,196 Lowell
21%
1,971 Mill City
21%
10,228 Molalla
21%
2,475 Myrtle Point
21%
3,441 North Plains
21%
366 Oceanside
21%
4,310 Reedsport
21%
4,639 Sheridan
21%
2,967 Sublimity
21%
8,524 Sutherlin
21%
2,454 Turner
21%
2,152 Union
21%
1,894 Vale
21%
2,374 Vernonia
21%
37 Antelope
19%
1,389 Bay City
19%
134 Cascadia
19%
1,306 Coburg
19%
1,515 Depoe Bay
19%
1,428 Dunes City
19%
183 Elkton
19%
546 Elmira
19%
1,051 Falls City
19%
676 Gaston
19%
1,335 Gold Hill
19%
3 Greenhorn
19%
207 Hebo
19%
3,426 Hubbard
19%
502 Huntington
19%
130 Jordan Valley
19%
5,184 King City
19%
1,202 Lyons
19%
829 Maywood Park
19%
7,151 Milton-Freewater
19%
138 Mitchell
19%
11,110 Monmouth
19%
3,481 Myrtle Creek
19%
270 Nehalem
19%
3,198 Nyssa
19%
934 Oakland
19%
250 Paisley
19%
1,911 Rainier
19%
1,441 Rockaway Beach
19%
8,010 Scappoose
19%
2,023 Sunriver
19%
259 Westfir
19%
2,239 Willamina
19%
4,387 Wood Village
19%
994 Adair Village
18%
389 Adams
18%
3,828 Boardman
18%
1,716 Clatskanie
18%
1,949 Columbia City
18%
11,050 Damascus
18%
1,009 Donald
18%
1,944 Durham
18%
16,740 Four Corners
18%
830 Garibaldi
18%
548 Gates
18%
2,595 Gervais
18%
603 Manzanita
18%
493 Mapleton
18%
2,919 Millersburg
18%
367 Moro
18%
894 Netarts
18%
710 Powers
18%
956 Scio
18%
661 Selma
18%
1,230 Siletz
18%
204 Sumpter
18%
1,231 Tangent
18%
222 Waterloo
18%
319 Westport
18%
9,090 White City
18%
164 Alpine
16%
20,233 Altamont
16%
4,234 Aumsville
16%
133 Barlow
16%
31,350 Bethany
16%
443 Butte Falls
16%
1,640 Canyonville
16%
8,379 Cedar Hills
16%
17,259 Cedar Mill
16%
329 Cheshire
16%
767 Chiloquin
16%
267 Cloverdale
16%
412 Crescent
16%
2,678 Dayton
16%
893 Dexter
16%
632 Echo
16%
259 Gardiner
16%
1,793 Gearhart
16%
12,017 Gladstone
16%
858 Glendale
16%
2,010 Grand Ronde
16%
351 Halfway
16%
2,551 Harbor
16%
1,980 Keno
16%
628 Kerby
16%
1,007 Knappa
16%
4,423 Lafayette
16%
1,904 Lakeside
16%
2,343 Lincoln Beach
16%
241 Lostine
16%
731 Malin
16%
3,392 Mount Angel
16%
608 Neotsu
16%
205 Neskowin
16%
103 Peoria
16%
2,702 Redwood
16%
4,375 Roseburg North
16%
1,933 Rose Lodge
16%
419 Scotts Mills
16%
213 Shedd
16%
360 Sodaville
16%
434 St. Paul
16%
417 Wasco
16%
706 Weston
16%
165 Alsea
15%
1,209 Athena
15%
952 Bayshore
15%
4,727 Beavercreek
15%
74 Bellfountain
15%
5 Biggs Junction
15%
42 Blodgett
15%
207 Bly
15%
472 Brooks
15%
660 Canyon City
15%
135 Cape Meares
15%
620 Cove
15%
132 Dayville
15%
5,532 Deschutes River Woods
15%
632 Dufur
15%
1,717 Elgin
15%
149 Grass Valley
15%
156 Idanha
15%
1,144 Island City
15%
793 Jasper
15%
916 Lookingglass
15%
580 Marcola
15%
307 Marion
15%
427 Maupin
15%
1,690 Merlin
15%
821 Merrill
15%
978 Metolius
15%
468 Mosier
15%
470 O'Brien
15%
89 Pistol River
15%
620 Pleasant Valley
15%
39 Plush
15%
841 Prairie City
15%
82 Prescott
15%
76 Rickreall
15%
1,214 Riddle
15%
8,732 River Road
15%
3,081 Shady Cove
15%
30 Shaniko
15%
1,228 South Lebanon
15%
139 Spray
15%
4,019 Tri-City
15%
236 Tygh Valley
15%
2,435 Warm Springs
15%
157 Adrian
13%
1,757 Amity
13%
1,890 Barview
13%
404 Bonanza
13%
273 Butteville
13%
251 Camp Sherman
13%
79 Chemult
13%
711 Condon
13%
315 Crawfordsville
13%
1,602 Culver
13%
323 Deer Island
13%
385 Dillard
13%
734 Foots Creek
13%
43 Fort Klamath
13%
216 Gilchrist
13%
785 Glasgow
13%
1,805 Glide
13%
1,912 Heceta Beach
13%
1,187 Heppner
13%
2,011 Irrigon
13%
424 Jeffers Gardens
13%
238 Lexington
13%
4,272 Metzger
13%
548 Mount Vernon
13%
2,250 Mulino
13%
197 Neahkahnie
13%
432 Nesika Beach
13%
504 North Powder
13%
299 Parkdale
13%
449 Prospect
13%
262 Rhododendron
13%
165 Richland
13%
545 Rivergrove
13%
819 Ruch
13%
268 Rufus
13%
11,239 Santa Clara
13%
159 Silver Lake
13%
2,144 Stanfield
13%
853 Svensen
13%
423 Takilma
13%
1,393 Terrebonne
13%
3,925 Three Rivers
13%
558 Tumalo
13%
123 Wamic
13%
426 Wedderburn
13%
7,223 West Slope
13%
1,102 Williams
13%
462 Winchester Bay
13%
193 Barnesdale
11%
1,214 Bayside Gardens
11%
60 Beatty
11%
260 Black Butte Ranch
11%
1,465 Bunker Hill
11%
503 Cherry Grove
11%
116 Crane
11%
4,912 Crooked River Ranch
11%
301 Dilley
11%
60 Eola
11%
194 Helix
11%
390 Holley
11%
374 Idaville
11%
245 Imbler
11%
539 Johnson City
11%
2,564 Juniper Canyon
11%
56 Kings Valley
11%
454 Labish Village
11%
196 Langlois
11%
25 Lonerock
11%
173 Long Creek
11%
4,586 Mount Hood Villages
11%
1,572 New Hope
11%
111 New Pine Creek
11%
2,328 Odell
11%
1,328 Pilot Rock
11%
397 River Point
11%
192 Rowena
11%
553 San Marine
11%
1,055 Saunders Lake
11%
165 Seneca
11%
407 Seventh Mountain
11%
1,895 Stafford
11%
768 Trail
11%
339 Trent
11%
159 Ukiah
11%
126 West Scio
11%
690 Wimer
11%
52 Beaver Marsh
10%
119 Crescent Lake
10%
271 Days Creek
10%
2,761 Eagle Crest
10%
238 Fair Oaks
10%
7,081 Garden Home-Whitford
10%
32 Granite
10%
373 Haines
10%
21,891 Hayesville
10%
7,503 Jennings Lodge
10%
575 Lacomb
10%
317 Mehama
10%
834 Melrose
10%
960 Mission
10%
115 Monument
10%
17,290 Oak Grove
10%
11,903 Oak Hills
10%
13,977 Oatfield
10%
142 Pine Grove
10%
6,196 Raleigh Hills
10%
9,862 Rockcreek
10%
310 Rocky Point
10%
80 Sprague River
10%
811 Tetherow
10%
448 Tutuilla
10%
40 Unity
10%
9,299 West Haven-Sylvan
10%
9,992 Bull Mountain
8%
1,975 Chenoweth
8%
406 Crabtree
8%
1,704 Dunthorpe
8%
680 Falcon Heights
8%
113 Harper
8%
337 Ione
8%
432 Ochoco West
8%
462 Orient
8%
1,556 Prineville Lake Acres
8%
92 Pronghorn
8%
213 Riverside
8%
858 Running Y Ranch
8%
119 Summerville
8%
72 Summit
8%
225 Annex
6%
97 Brogan
6%
154 Fort Hill
6%
39 Juntura
6%
95 McKay
6%
330 Oregon Shores
6%
531 Pine Hollow
6%
76 Sportsmans Park
6%
72 Wallowa Lake
6%
66 Cayuse
5%
329 Gopher Flats
5%
675 Green Meadows
5%
160 Kirkpatrick
5%
5,485 Marlene Village
5%
85 Meacham
5%
285 Umapine
5%
No matching quizzes found
Score Distribution
Percent of People with Each Score
Percentile by Number Answered
Your Score History
You have not taken this quiz